The Age of Napoleon : (Record no. 7496)
[ view plain ]
| 000 -LEADER | |
|---|---|
| fixed length control field | 01325pam a2200349 a 4500 |
| 001 - CONTROL NUMBER | |
| JCCL Control Number | 7496 |
| 003 - CONTROL NUMBER IDENTIFIER | |
| JCCL marc code | BD-JhCC |
| 005 - DATE AND TIME OF LATEST TRANSACTION | |
| control field | 20180210200711.0 |
| 008 - FIXED-LENGTH DATA ELEMENTS--GENERAL INFORMATION | |
| fixed length control field | 890901s1989 nyua bc 000 0 eng |
| 020 ## - INTERNATIONAL STANDARD BOOK NUMBER | |
| International Standard Book Number | 0870995707 |
| 020 ## - INTERNATIONAL STANDARD BOOK NUMBER | |
| International Standard Book Number | 0870995715 (pbk.) |
| 020 ## - INTERNATIONAL STANDARD BOOK NUMBER | |
| International Standard Book Number | 0810919001 (Abrams) |
| 035 ## - SYSTEM CONTROL NUMBER | |
| system control number | (BD-JhCC)7496 |
| 040 ## - CATALOGING SOURCE | |
| Original cataloging agency | DLC |
| Transcribing agency | DLC |
| Modifying agency | DLC |
| -- | BD-JhCC |
| 041 ## - LANGUAGE CODE | |
| Language code of Book | eng |
| 050 00 - LIBRARY OF CONGRESS CALL NUMBER | |
| Classification number | GT860 |
| Item number | .A34 1989 |
| 082 00 - DEWEY DECIMAL CLASSIFICATION NUMBER | |
| Classification number | 391/.00944/09032 |
| DDC Edition number | 20 |
| Author mark and Year | THE 1975 |
| 245 04 - TITLE STATEMENT | |
| Title | The Age of Napoleon : |
| Remainder of title | costume from Revolution to Empire, 1789-1815 / |
| Statement of responsibility, etc | essays by Charles Otto Zieseniss ... [et al.] ; Katell le Bourhis, general editor. |
| 260 ## - PUBLICATION, DISTRIBUTION, ETC. (IMPRINT) | |
| Place of publication, distribution, etc | New York : |
| Name of publisher, distributor, etc | Metropolitan Museum of Art H.N. Abrams, |
| Date of publication, distribution, etc | c1989. |
| 300 ## - PHYSICAL DESCRIPTION | |
| Pagination | xiii, 270 p. : |
| Other physical details | ill. (chiefly col.) ; |
| Dimensions | 31 cm. |
| 500 ## - GENERAL NOTE | |
| General note | Exhibition catalogue. |
| 504 ## - BIBLIOGRAPHY, ETC. NOTE | |
| Bibliography, etc | Includes bibliographical references (p. 238-245). |
| 600 00 - SUBJECT ADDED ENTRY--PERSONAL NAME | |
| Personal name | Napoleon |
| Titles and other words associated with a name | Emperor of the French, |
| Dates associated with a name | 1769-1821 |
| 610 20 - SUBJECT ADDED ENTRY--CORPORATE NAME | |
| Corporate name or jurisdiction name as entry element | Metropolitan Museum of Art (New York, N.Y.) |
| 650 #0 - SUBJECT ADDED ENTRY--TOPICAL TERM | |
| Topical term or geographic name as entry element | Clothing and dress |
| Geographic subdivision | France |
| General subdivision | History |
| Chronological subdivision | 18th century |
| Form subdivision | Exhibitions. |
| 650 #0 - SUBJECT ADDED ENTRY--TOPICAL TERM | |
| Topical term or geographic name as entry element | Clothing and dress |
| Geographic subdivision | France |
| General subdivision | History |
| Chronological subdivision | 19th century |
| Form subdivision | Exhibitions. |
| 700 1# - ADDED ENTRY--PERSONAL NAME | |
| Personal name | Zieseniss, Charles-Otto, |
| Dates associated with a name | 1915-2000. |
| 700 1# - ADDED ENTRY--PERSONAL NAME | |
| Personal name | Le Bourhis, Katell. |
| 710 2# - ADDED ENTRY--CORPORATE NAME | |
| Corporate name or jurisdiction name as entry element | Metropolitan Museum of Art (New York, N.Y.) |
| 942 ## - ADDED ENTRY ELEMENTS (KOHA) | |
| Source of classification or shelving scheme | Dewey Decimal Classification |
| Koha item type | Books |
| Source of classification or shelving scheme | Damaged status | Not for loan | Home library | Current library | Shelving location | Total Checkouts | Full call number | Barcode | Date last seen | Copy number | Koha item type |
|---|---|---|---|---|---|---|---|---|---|---|---|
| Dewey Decimal Classification | JCC Rouf Library | JCC Rouf Library | General Stacks | 391/.00944/09032 THE 1975 | 10078 | 02/10/2018 | C - 1 | Books |